Nejlepší je vlastní dům.

Cieľom reformy v oblasti bývania je vytvoriť situáciu, kedy si každý občan môže zaobstarať byť zodpovedajúci jeho možnostiam. Je potrebné vytvoriť trh s bytmi, čo predpokladá zrovnoprávnenie a stabilizáciu vlastníckych vzťahov a uplatňovať nájomné zmluvy. Prehľad bytového hospodárstva a hospodárenia...

Descrizione completa

Salvato in:
Dettagli Bibliografici
Autore principale: Oswald, E.
Natura: Capitolo di libro
Lingua:ceco
Soggetti:
Tags: Aggiungi Tag
Nessun Tag, puoi essere il primo ad aggiungerne!!

MARC

LEADER 00000naa a2200000 4500
001 r002243
005 20221125080123.1
041 0 |a cze 
044 |a [CS] 
245 1 0 |a Nejlepší je vlastní dům.  |c E. Oswald 
520 |a Cieľom reformy v oblasti bývania je vytvoriť situáciu, kedy si každý občan môže zaobstarať byť zodpovedajúci jeho možnostiam. Je potrebné vytvoriť trh s bytmi, čo predpokladá zrovnoprávnenie a stabilizáciu vlastníckych vzťahov a uplatňovať nájomné zmluvy. Prehľad bytového hospodárstva a hospodárenia s bytmi k r. 1989 a celková charakteristika navrhovanej koncepcie bytovej politiky. 
610 2 0 |a bývanie 
610 2 0 |a byty 
610 2 0 |a hospodárstvo bytové 
610 2 0 |a družstvá bytové 
610 2 0 |a ČSFR 
100 1 |a Oswald, E.